书目信息 |
| 题名: |
瑞典史
|
|
| 作者: | 安德生 著 ;苏公隽 译 | |
| 分册: | 下册 | |
| 出版信息: | 北京 商务印书馆 1963.1 |
|
| 页数: | 329-680页 | |
| 开本: | 20cm | |
| 丛书名: | ||
| 单 册: | ||
| 中图分类: | K532.0 | |
| 科图分类: | ||
| 主题词: | 北欧--历史 | |
| 电子资源: | ||
| ISBN: | ||
| 000 | 00621nam0 2200229 45 | |
| 001 | 0212180898 | |
| 005 | 20061115110839.01 | |
| 010 | @dCNY2.00 | |
| 091 | @a11017.130 | |
| 100 | @a20021218d1963 km y0chiy0120 ea | |
| 101 | 0 | @achi |
| 105 | @a z 000yy | |
| 200 | 1 | @a瑞典史@h下册@ARui Dian Shi@f(瑞典)安德生著@F(Rui Dian)An De Sheng Zhu@g苏公隽译 |
| 210 | @a北京@c商务印书馆@d1963.1 | |
| 215 | @a329-680页@d20cm | |
| 300 | @a内部读物 | |
| 606 | 0 | @a北欧@x历史 |
| 690 | @aK532.0@v3 | |
| 701 | 0 | @a安德生@4著 |
| 702 | 0 | @a苏公隽@ASu Gong Juan@4译 |
| 801 | @aCN@bTSTC@c20061115 | |
| 905 | @f1@b219180@dK532.0@e1:2 | |
| 瑞典史.下册/(瑞典)安德生著/苏公隽译.-北京:商务印书馆,1963.1 |
| 329-680页;20cm |
| 内部读物 |
| ISBN :CNY2.00 |
| ● |
| 相关链接 |
|
|
|
|
正题名:瑞典史
索取号:K532.0/1:2
 
预约/预借
| 序号 | 登录号 | 条形码 | 馆藏地/架位号 | 状态 | 备注 |
| 1 | 0219180 | 001750064 | 密集书库/ [索取号:K532.0/1:2] | 在馆 | |
| 2 | 0228391 | 001395662 | 第二样本阅览室/ [索取号:K532.0/1:2] | 在馆 |